000 00402nam a22001697a 4500
003 MPLRDC
005 20220104180329.0
008 210129b ||||| |||| 00| 0 eng d
082 _a803.92 XFJY 1978
100 _a先锋教育社
245 _a800 PERIBAHASA MALAYSIA
_c
250 _a初版
260 _a
_bSYARIKAT PERINTIS
_c1978
300 _b
650 _a
942 _cBK
_o803.92 XFJY 1978
999 _c60863
_d60853